Analýza marketingového prostredia vybraného podniku diplomová práca

Salvato in:
Dettagli Bibliografici
Autore principale: Gilian, Filip
Ente Autore: Fakulta podnikového manažmentu EU. Katedra podnikovohospodárska
Altri autori: Grančičová, Katarína, 1967-
Natura: Libro
Lingua:slovacco
Pubblicazione: Bratislava 2021
Tags: Aggiungi Tag
Nessun Tag, puoi essere il primo ad aggiungerne!!

MARC

LEADER 00000nbm a2200000 4500
001 0275802
005 20211203094821.0
041 0 |a slo 
044 |a SK 
245 1 0 |a Analýza marketingového prostredia vybraného podniku  |b diplomová práca  |c Filip Gilian ; školiteľ: Katarína Grančičová 
264 1 |a Bratislava  |c 2021 
300 |a 76 s. 
100 1 |a Gilian, Filip 
700 1 |a Grančičová, Katarína, 1967- 
710 2 |a Fakulta podnikového manažmentu EU. Katedra podnikovohospodárska